[Event "SR 1. liga zapad 2012/2013"]
[Site "?"]
[Date "2013.01.13"]
[Round "6.2"]
[White "Banas, Jan"]
[Black "Gasa, Andrej"]
[Result "1/2-1/2"]
[WhiteElo "2275"]
[BlackElo "2282"]
[PlyCount "31"]
[EventDate "2012.??.??"]

1. c4 e5 2. Nc3 Nf6 3. Nf3 Nc6 4. e3 Be7 5. d4 exd4 6. Nxd4 Bb4 7. Be2 O-O 8.
Bd2 Nxd4 9. exd4 d5 10. a3 Bxc3 11. bxc3 dxc4 12. Bxc4 Re8+ 13. Be2 Qe7 14. Bg5
b6 15. Kf1 Qd6 16. Bxf6 1/2-1/2

[Event "SR 1. liga zapad 2012/2013"]
[Site "?"]
[Date "2013.01.13"]
[Round "6.2"]
[White "Bury, Rastislav"]
[Black "Drtina, Milan"]
[Result "1-0"]
[WhiteElo "2099"]
[BlackElo "2202"]
[PlyCount "67"]
[EventDate "2012.??.??"]

1. d4 d5 2. c4 c6 3. cxd5 cxd5 4. Nc3 Nc6 5. Nf3 Nf6 6. Bg5 Ne4 7. Bf4 e6 8. e3
Bb4 9. Rc1 g5 10. Bg3 h5 11. h3 Nxg3 12. fxg3 Bd6 13. Ne5 Nxe5 14. dxe5 Bxe5
15. Bb5+ Bd7 16. O-O Bxb5 17. Nxb5 Qb6 18. Nd4 Kf8 19. Rc2 Rh7 20. Qd3 Rg7 21.
Rfc1 Bxg3 22. Rc8+ Rxc8 23. Rxc8+ Ke7 24. Qa3+ Bd6 25. Qc3 Be5 26. Rh8 Qc7 27.
Qa3+ Bd6 28. Qa4 Qc1+ 29. Kf2 Qxb2+ 30. Kf1 Qc1+ 31. Kf2 Qd2+ 32. Kf1 Qxe3 33.
Nf5+ exf5 34. Qe8+ 1-0

[Event "SR 1. liga zapad 2012/2013"]
[Site "?"]
[Date "2013.01.13"]
[Round "6.2"]
[White "Lanc, Alois"]
[Black "Plachetka, Jan"]
[Result "0-1"]
[WhiteElo "2402"]
[BlackElo "2355"]
[PlyCount "80"]
[EventDate "2012.??.??"]

1. e4 e5 2. Nf3 Nc6 3. Bc4 Bc5 4. d3 d6 5. a4 Be6 6. Bxe6 fxe6 7. c3 a5 8. Qb3
Qc8 9. Be3 Bxe3 10. fxe3 Nf6 11. Nbd2 O-O 12. d4 Qd7 13. O-O Kh8 14. h3 b6 15.
Rad1 Rae8 16. Qb5 exd4 17. exd4 e5 18. d5 Nd8 19. Qxd7 Nxd7 20. b4 h6 21. Nc4
Nb7 22. Ra1 Ra8 23. Rfc1 Kg8 24. Na3 Rfc8 25. Nb5 Nf6 26. Nd2 Kf7 27. Kf2 Ke7
28. Ke3 c6 29. dxc6 Rxc6 30. g4 Ke6 31. Re1 Rd8 32. Kf3 Rf8 33. Kg3 axb4 34.
cxb4 Rc2 35. Rad1 Rfc8 36. Re3 Rb2 37. g5 hxg5 38. Nf3 Nh5+ 39. Kg4 Rg2+ 40.
Kxh5 Kf6 0-1

[Event "SR 1. liga zapad 2012/2013"]
[Site "?"]
[Date "2013.01.13"]
[Round "6.2"]
[White "Lukac, Roman"]
[Black "Jozefek, Michal"]
[Result "1/2-1/2"]
[WhiteElo "2127"]
[BlackElo "2060"]
[PlyCount "177"]
[EventDate "2012.??.??"]

1. e4 c5 2. Nf3 Nc6 3. d4 cxd4 4. Nxd4 g6 5. Nc3 Bg7 6. Be3 Nf6 7. Bc4 O-O 8.
f3 Qb6 9. Bb3 Ng4 10. fxg4 Bxd4 11. Bxd4 Qxd4 12. Qxd4 Nxd4 13. O-O-O Nxb3+ 14.
axb3 f6 15. Nd5 Rf7 16. Rd3 d6 17. h3 Bd7 18. Kd2 Bc6 19. Ra1 a6 20. c4 Rd8 21.
Ke3 e6 22. Nb4 Be8 23. c5 Rfd7 24. Rad1 dxc5 25. Rxd7 Rxd7 26. Rxd7 Bxd7 27.
Nd3 b6 28. e5 Kf7 29. exf6 Kxf6 30. g3 g5 31. b4 cxb4 32. Nxb4 Bb5 33. h4 h6
34. Nc2 Ba4 35. Nd4 Bd1 36. Nc6 a5 37. Kd4 Bxg4 38. Ne5 Kf5 39. Nf7 Kg6 40.
Ne5+ Kh5 41. hxg5 hxg5 42. Nd7 Bf3 43. Ke3 Bd5 44. Nxb6 Kg4 45. Kf2 Kf5 46. Ke3
Ke5 47. Na4 Kd6 48. Nc3 Kc5 49. Nb1 Bb3 50. Kd3 Kd5 51. Nd2 Bd1 52. Nf1 Ke5 53.
Ke3 Bc2 54. Kd2 Bg6 55. Ke3 Kd5 56. Nd2 e5 57. Nf1 Ke6 58. Nd2 Kf5 59. Nc4 a4
60. Nb6 Kg4 61. Kf2 Be8 62. Nc4 e4 63. Ne3+ Kh5 64. Nd5 Kg6 65. Ke3 Kf5 66. Nc3
Bc6 67. Nd1 Ke5 68. Nc3 Kf5 69. Nd1 Kg4 70. Kf2 Kh3 71. Ne3 Bb5 72. Nd5 Bd3 73.
Ne3 Bb1 74. Nd1 Kg4 75. Ne3+ Kh5 76. Ke2 Kg6 77. Kd2 Kf6 78. Nf1 Ke5 79. Ke3
Bd3 80. Nh2 Kd5 81. Ng4 Kc4 82. Kd2 Kb3 83. Kc1 a3 84. bxa3 Kc3 85. Kd1 Bb5 86.
Ke1 Kd3 87. Kf2 Kd2 88. Ne3 Bd7 89. Nd5 1/2-1/2

[Event "SR 1. liga zapad 2012/2013"]
[Site "?"]
[Date "2013.01.13"]
[Round "6.2"]
[White "Pagerka, Martin"]
[Black "Vass, Frantisek"]
[Result "0-1"]
[WhiteElo "2261"]
[BlackElo "2292"]
[PlyCount "86"]
[EventDate "2012.??.??"]

1. e4 e6 2. d4 d5 3. Nc3 Nf6 4. e5 Nfd7 5. f4 c5 6. Nf3 Nc6 7. Be3 a6 8. Qd2 b5
9. Be2 b4 10. Nd1 Qb6 11. c3 a5 12. O-O Be7 13. Nf2 Ba6 14. Nd3 bxc3 15. bxc3
Qa7 16. Qe1 cxd4 17. Nxd4 Nxd4 18. Bxd4 Nc5 19. Qg3 g6 20. f5 gxf5 21. Kh1 Qc7
22. Qg7 Rf8 23. Nf4 Bxe2 24. Nxe2 h5 25. Nf4 h4 26. Nh5 Ne4 27. Rae1 Qc4 28.
Nf6+ Bxf6 29. exf6 O-O-O 30. Rb1 Nd2 31. Qh6 Nxb1 32. Rxb1 Qxa2 33. Qc1 h3 34.
Rb2 hxg2+ 35. Kxg2 Rg8+ 36. Kh1 Qc4 37. Qb1 Kd7 38. Rb7+ Ke8 39. Qc1 Rg6 40.
Qf4 Rc8 41. Rb8 Rg4 42. Rxc8+ Qxc8 43. Qd6 Qb7 0-1

[Event "SR 1. liga zapad 2012/2013"]
[Site "?"]
[Date "2013.01.13"]
[Round "6.2"]
[White "Pericka, Tomas"]
[Black "Arendas, Marek"]
[Result "0-1"]
[WhiteElo "2029"]
[BlackElo "2085"]
[PlyCount "66"]
[EventDate "2012.??.??"]

1. e4 c6 2. d4 d5 3. e5 e6 4. f4 c5 5. c3 Qb6 6. Nf3 Nc6 7. Be2 Bd7 8. O-O Rc8
9. b3 Nge7 10. dxc5 Qxc5+ 11. Kh1 Nf5 12. Ba3 Qb6 13. Bxf8 Kxf8 14. Qd3 Ne3 15.
Nbd2 Nxf1 16. Rxf1 g6 17. Ng5 h6 18. Qh3 Kg7 19. Ngf3 Qe3 20. Bb5 Qxc3 21. Qh4
Qb4 22. Qf6+ Kg8 23. Bxc6 Bxc6 24. f5 Qg4 25. h3 Qxf5 26. Qe7 Rh7 27. Nh2 Qg5
28. Qb4 h5 29. Ndf3 Qd8 30. h4 Qb6 31. Qf4 Bb5 32. Ng5 Rg7 33. Rf2 Qxf2 0-1

[Event "SR 1. liga zapad 2012/2013"]
[Site "?"]
[Date "2013.01.13"]
[Round "6.2"]
[White "Polasek, Filip"]
[Black "Nicolini, Alexander"]
[Result "1/2-1/2"]
[WhiteElo "2093"]
[BlackElo "2134"]
[PlyCount "62"]
[EventDate "2012.??.??"]

1. e4 e5 2. Nf3 Nc6 3. Nc3 d6 4. Bb5 Nge7 5. d4 Bd7 6. d5 Nb8 7. Be2 Ng6 8. O-O
Be7 9. Ne1 Bg5 10. Bxg5 Qxg5 11. Nb5 Qd8 12. c4 a5 13. Nd3 Na6 14. a3 Qg5 15.
Qc1 h6 16. f4 exf4 17. Nxf4 Nxf4 18. Qxf4 Qxf4 19. Rxf4 Bxb5 20. cxb5 Nc5 21.
Raf1 f6 22. Kf2 O-O 23. Ke3 Rfe8 24. Kd4 Re7 25. Bd3 Kf8 26. Bc2 b6 27. a4 Re5
28. h4 Rae8 29. g4 Kg8 30. h5 Kf7 31. R1f3 Ke7 1/2-1/2

[Event "SR 1. liga zapad 2012/2013"]
[Site "?"]
[Date "2013.01.13"]
[Round "6.3"]
[White "Bezuch, Martin"]
[Black "Chovanec, Vladimir"]
[Result "1-0"]
[WhiteElo "2291"]
[BlackElo "2095"]
[PlyCount "75"]
[EventDate "2012.??.??"]

1. Nf3 e6 2. g3 f5 3. Bg2 Nf6 4. d3 Be7 5. O-O O-O 6. Nbd2 d6 7. c3 Nc6 8. b4
a6 9. Rb1 Qe8 10. a4 Kh8 11. b5 axb5 12. axb5 Nd8 13. Nc4 Nf7 14. Bd2 d5 15.
Nce5 Bd6 16. Nxf7+ Qxf7 17. Ra1 Bd7 18. Qb3 h6 19. c4 Qh5 20. Bb4 Bxb4 21. Qxb4
Rfe8 22. Qc5 c6 23. Qb6 Rab8 24. Ra7 dxc4 25. dxc4 cxb5 26. cxb5 Nd5 27. Qc5
Rbc8 28. Qd4 Red8 29. Rxb7 Nc3 30. Qe5 Qg6 31. Nd4 Rc4 32. Rb8 Rxb8 33. Qxb8+
Kh7 34. e3 Rb4 35. b6 Nb5 36. b7 Nxd4 37. exd4 Bb5 38. Qd6 1-0

[Event "SR 1. liga zapad 2012/2013"]
[Site "?"]
[Date "2013.01.13"]
[Round "6.3"]
[White "Certek, Pavel"]
[Black "Schwarz, Dusan"]
[Result "1/2-1/2"]
[WhiteElo "2315"]
[BlackElo "2305"]
[PlyCount "72"]
[EventDate "2012.??.??"]

1. d4 d5 2. c4 c6 3. cxd5 cxd5 4. Nc3 Nf6 5. Bf4 Nc6 6. e3 a6 7. Bd3 e6 8. Rc1
Bd6 9. Bxd6 Qxd6 10. f4 Bd7 11. Nf3 Ng4 12. Qd2 f5 13. O-O O-O 14. Ne5 Ncxe5
15. fxe5 Qb6 16. b3 Nh6 17. Ne2 Rac8 18. Rxc8 Rxc8 19. Rc1 Rc7 20. Rc3 Qa5 21.
a3 Rxc3 22. Qxc3 Qxc3 23. Nxc3 Nf7 24. b4 Ng5 25. Kf2 Ne4+ 26. Nxe4 fxe4 27.
Be2 Kf7 28. h4 Bb5 29. Bd1 Bc4 30. Kg3 Bf1 31. Kf2 Bc4 32. g4 g5 33. h5 Ke7 34.
Be2 Kd7 35. Bxc4 dxc4 36. Ke2 Kc6 1/2-1/2

[Event "SR 1. liga zapad 2012/2013"]
[Site "?"]
[Date "2013.01.13"]
[Round "6.3"]
[White "Hajek, Lukas"]
[Black "Briestensky, Rastislav"]
[Result "1-0"]
[WhiteElo "2155"]
[BlackElo "2296"]
[PlyCount "99"]
[EventDate "2012.??.??"]

1. d4 Nf6 2. c4 e6 3. Nc3 Bb4 4. g3 Qe7 5. Bg2 Bxc3+ 6. bxc3 d6 7. e4 e5 8. Qd3
O-O 9. Ne2 Re8 10. f3 b6 11. O-O Nc6 12. f4 h6 13. Ba3 Qd8 14. fxe5 dxe5 15. d5
Ba6 16. Qf3 Na5 17. c5 Nc4 18. Bc1 bxc5 19. Bxh6 gxh6 20. Qxf6 Qxf6 21. Rxf6
Nd6 22. Nc1 Kg7 23. Rf2 Rab8 24. Nb3 c4 25. Na5 Rb6 26. a4 Bb7 27. Raf1 Re7 28.
Rf6 Ba8 29. h3 Re8 30. Nxc4 Nxc4 31. Rxf7+ Kg8 32. Rxc7 Nd6 33. Rxa7 Reb8 34.
a5 R6b7 35. Ra6 Rd8 36. Rf6 Nf7 37. c4 Rc7 38. Bf1 Kg7 39. Bd3 Bb7 40. Rab6 Bc8
41. Rfc6 Ra7 42. a6 Bxh3 43. Rb7 Rd7 44. Rxa7 Rxa7 45. c5 Bd7 46. Rb6 Bc8 47.
Kf2 Kf8 48. Rb8 Rc7 49. d6 Rxc5 50. d7 1-0

[Event "SR 1. liga zapad 2012/2013"]
[Site "?"]
[Date "2013.01.13"]
[Round "6.3"]
[White "Karas, Marek"]
[Black "Kolcak, Marek"]
[Result "0-1"]
[WhiteElo "1951"]
[BlackElo "2167"]
[PlyCount "66"]
[EventDate "2012.??.??"]

1. d4 d5 2. Nf3 Nf6 3. c4 dxc4 4. e3 e6 5. Bxc4 c5 6. Nc3 a6 7. a4 Nc6 8. O-O
Be7 9. d5 exd5 10. Nxd5 Nxd5 11. Qxd5 O-O 12. Qxd8 Rxd8 13. e4 Bf6 14. Rb1 Bg4
15. Ng5 Bh5 16. Bd5 Nb4 17. Bxb7 Rab8 18. Bd5 Nxd5 19. exd5 Bg6 20. Ra1 Rxd5
21. Nh3 Bxb2 22. Bxb2 Rxb2 23. Nf4 Rdd2 24. g3 Be4 25. Rae1 f5 26. h4 c4 27. g4
g6 28. h5 Kf7 29. hxg6+ hxg6 30. gxf5 gxf5 31. Rc1 Rd4 32. Ng2 Bf3 33. Ne3 Rh4
0-1

[Event "SR 1. liga zapad 2012/2013"]
[Site "?"]
[Date "2013.01.13"]
[Round "6.3"]
[White "Lipka, Juraj"]
[Black "Zetocha, Claudiu"]
[Result "1/2-1/2"]
[WhiteElo "2441"]
[BlackElo "2360"]
[PlyCount "53"]
[EventDate "2012.??.??"]

1. Nf3 c5 2. c4 Nf6 3. g3 b6 4. Bg2 Bb7 5. O-O e6 6. Nc3 d6 7. d4 cxd4 8. Qxd4
a6 9. Rd1 Be7 10. Bg5 Nbd7 11. Qd2 Qc8 12. Bf4 Nc5 13. b4 Nce4 14. Nxe4 Nxe4
15. Qd3 O-O 16. Be3 Qc7 17. Nd4 Nf6 18. Bxb7 Qxb7 19. b5 d5 20. Nc6 dxc4 21.
Qxc4 axb5 22. Qxb5 Nd5 23. Bd4 Bf6 24. Bxf6 Nxf6 25. a4 Rfc8 26. Rdc1 Rc7 27.
Nd4 1/2-1/2

[Event "SR 1. liga zapad 2012/2013"]
[Site "?"]
[Date "2013.01.13"]
[Round "6.3"]
[White "Polacik, Igor"]
[Black "Privara, Igor"]
[Result "0-1"]
[WhiteElo "2172"]
[BlackElo "2278"]
[PlyCount "76"]
[EventDate "2012.??.??"]

1. d4 d5 2. e3 Nf6 3. Bd3 c5 4. c3 Nc6 5. f4 Bg4 6. Nf3 e6 7. O-O Ne4 8. Qa4
Bxf3 9. Rxf3 f5 10. Nd2 Nxd2 11. Bxd2 c4 12. Be2 a6 13. Qc2 Bd6 14. Rh3 O-O 15.
Kh1 b5 16. g4 g6 17. Rg1 Kh8 18. Be1 Rb8 19. a3 a5 20. Bd1 b4 21. axb4 axb4 22.
Qe2 Rg8 23. Ba4 bxc3 24. bxc3 Na5 25. gxf5 exf5 26. Qf3 Be7 27. Bc2 Qd7 28. Qg2
Rb2 29. Bxf5 Qxf5 30. Qxb2 Qxh3 31. Qb6 Qxe3 32. Bg3 Qe4+ 33. Rg2 Nb3 34. f5
Ra8 35. Be5+ Kg8 36. Qe6+ Kf8 37. h3 Qxf5 38. Bg7+ Kxg7 0-1

[Event "SR 1. liga zapad 2012/2013"]
[Site "?"]
[Date "2013.01.13"]
[Round "6.3"]
[White "Ruckschloss, Karol"]
[Black "Krajnak, Robert"]
[Result "1/2-1/2"]
[WhiteElo "2242"]
[BlackElo "2075"]
[PlyCount "46"]
[EventDate "2012.??.??"]

1. c4 c5 2. Nc3 b6 3. g3 Bb7 4. e4 d6 5. Bg2 Nd7 6. Nge2 Rc8 7. d3 e6 8. O-O
Ngf6 9. h3 Qc7 10. f4 Be7 11. g4 h6 12. Qe1 a6 13. Qg3 Nh7 14. h4 g5 15. fxg5
hxg5 16. hxg5 Nxg5 17. Nf4 Ne5 18. Nh5 Rh6 19. Be3 Kd7 20. Rad1 Rg8 21. d4 cxd4
22. Bxd4 Kc8 23. b3 Kb8 1/2-1/2

[Event "SR 1. liga zapad 2012/2013"]
[Site "?"]
[Date "2013.01.13"]
[Round "6.3"]
[White "Sulek, Viliam"]
[Black "Goga, Frantisek"]
[Result "1/2-1/2"]
[WhiteElo "2062"]
[BlackElo "1944"]
[PlyCount "52"]
[EventDate "2012.??.??"]

1. e4 c5 2. Nf3 d6 3. d4 cxd4 4. Nxd4 Nf6 5. Nc3 a6 6. g3 e5 7. Nde2 Be6 8. Bg2
Qc7 9. O-O Nbd7 10. a4 Be7 11. h3 O-O 12. Be3 Nb6 13. b3 Rac8 14. Rc1 Rfd8 15.
Nd5 Nbxd5 16. exd5 Bf5 17. c4 Qa5 18. f4 exf4 19. Rxf4 Bg6 20. Rf1 Nd7 21. Nf4
Bf6 22. h4 Re8 23. Bd4 Bxd4+ 24. Qxd4 Qc5 25. Qxc5 Nxc5 26. Rc3 Re7 1/2-1/2

[Event "SR 1. liga zapad 2012/2013"]
[Site "?"]
[Date "2013.01.13"]
[Round "6.4"]
[White "Castiglione, Mario"]
[Black "Klemanic, Emil"]
[Result "0-1"]
[WhiteElo "2282"]
[BlackElo "2209"]
[PlyCount "92"]
[EventDate "2012.??.??"]

1. e4 g6 2. d4 Bg7 3. Nc3 c6 4. Bc4 d6 5. Qf3 e6 6. Nge2 d5 7. Bb3 Ne7 8. Bg5
Nd7 9. O-O-O h6 10. Bh4 b5 11. exd5 exd5 12. Nxd5 cxd5 13. Bxd5 O-O 14. Bxa8 g5
15. Bg3 Nb6 16. h3 Nxa8 17. Qxa8 Qa5 18. Bd6 Bf5 19. Qf3 Rc8 20. Bxe7 Rxc2+ 21.
Kb1 b4 22. Ka1 Be6 23. a3 Qb5 24. Nc1 Qc4 25. Qa8+ Kh7 26. Qe4+ f5 27. Qxc2
Qxc2 28. Bxb4 Qxf2 29. Rd2 Qg3 30. Bc3 Bd5 31. Nd3 f4 32. Ne5 Bxg2 33. Rg1 f3
34. Nxf3 Qxf3 35. Rdxg2 Qxh3 36. Rg3 Qf5 37. R3g2 Kg6 38. Rd2 Qd5 39. Re2 h5
40. Rge1 h4 41. Re7 h3 42. R1e6+ Bf6 43. Rxf6+ Kxf6 44. Rh7 g4 45. Bd2 Qg2 46.
Bc3 Kg6 0-1

[Event "SR 1. liga zapad 2012/2013"]
[Site "?"]
[Date "2013.01.13"]
[Round "6.4"]
[White "Djubek, Boris"]
[Black "Michal, Silvio"]
[Result "1/2-1/2"]
[WhiteElo "2150"]
[BlackElo "2105"]
[PlyCount "91"]
[EventDate "2012.??.??"]

1. d4 Nf6 2. c4 e6 3. Nc3 Bb4 4. Qc2 c5 5. e3 Nc6 6. Nf3 d6 7. Bd3 O-O 8. O-O
e5 9. d5 Ne7 10. e4 Bg4 11. Nh4 Bxc3 12. Qxc3 Nh5 13. f3 Bd7 14. Nf5 Nxf5 15.
exf5 Qh4 16. Be3 g6 17. Qc2 Ng7 18. fxg6 fxg6 19. Qf2 Qe7 20. Qd2 Bf5 21. Bg5
Qc7 22. Rae1 Bxd3 23. Qxd3 Rf5 24. Bd2 Raf8 25. Re4 Qf7 26. Bh6 Qd7 27. a3 a5
28. b3 Rb8 29. Qd2 b6 30. Rb1 Ra8 31. Ree1 Rf7 32. Bxg7 Kxg7 33. Re4 Raf8 34.
b4 axb4 35. axb4 Qf5 36. Ra1 g5 37. Rg4 h6 38. b5 Kg6 39. h4 Rb7 40. Qe2 Rff7
41. Ra6 Qb1+ 42. Qf1 Qc2 43. Qf2 Qc1+ 44. Qf1 Qc2 45. Qf2 Qc1+ 46. Qf1 1/2-1/2

[Event "SR 1. liga zapad 2012/2013"]
[Site "?"]
[Date "2013.01.13"]
[Round "6.4"]
[White "Sosovicka, Juraj"]
[Black "Hulla, Stanislav"]
[Result "1/2-1/2"]
[WhiteElo "2089"]
[BlackElo "1931"]
[PlyCount "98"]
[EventDate "2012.??.??"]

1. e4 e6 2. d4 d5 3. Nd2 Nf6 4. e5 Nfd7 5. Bd3 c5 6. c3 Nc6 7. Ne2 cxd4 8. cxd4
f6 9. Nf4 Nxd4 10. Qh5+ Ke7 11. exf6+ Nxf6 12. Ng6+ hxg6 13. Qxh8 Kf7 14. O-O
e5 15. Nb3 Nxb3 16. axb3 Bf5 17. Bxf5 gxf5 18. Bg5 Qb6 19. Bxf6 Kxf6 20. Rac1
Rd8 21. Qh4+ Kf7 22. Kh1 d4 23. g4 fxg4 24. Qxg4 Kg8 25. Rfe1 Qd6 26. Qe4 Qd5
27. Qxd5+ Rxd5 28. Re4 Rb5 29. f4 Bd6 30. Rce1 exf4 31. Rxd4 Be5 32. Rd2 Bf6
33. Re4 Rxb3 34. Kg2 Bxb2 35. Rxf4 Bf6 36. Rf3 Rb1 37. Kf2 a5 38. Ra2 b6 39.
Ke2 Rh1 40. Kd3 Rb1 41. Kc2 Rb4 42. Rb3 Rh4 43. Rxb6 Rxh2+ 44. Kb1 Rxa2 45.
Kxa2 Bc3 46. Kb3 Bb4 47. Kc4 Kf7 48. Kd5 Bc3 49. Ra6 Bb4 1/2-1/2

[Event "SR 1. liga zapad 2012/2013"]
[Site "?"]
[Date "2013.01.13"]
[Round "6.4"]
[White "Tibensky, Robert"]
[Black "Havlicek, Libor"]
[Result "1/2-1/2"]
[WhiteElo "2396"]
[BlackElo "2299"]
[PlyCount "101"]
[EventDate "2012.??.??"]

1. d4 Nf6 2. c4 e6 3. Nc3 d5 4. cxd5 exd5 5. Bg5 Be7 6. e3 c6 7. Qc2 Nbd7 8.
Bd3 Nh5 9. Bxe7 Qxe7 10. Nge2 g6 11. O-O O-O 12. Rab1 b6 13. e4 dxe4 14. Bxe4
Bb7 15. Bf3 Ndf6 16. Rbd1 Rac8 17. Qa4 Ba8 18. Ng3 Nf4 19. Rfe1 Qd7 20. Nge4
N4d5 21. h3 Rc7 22. Qb3 Kg7 23. Nd2 Rd8 24. Nc4 Qc8 25. Nxd5 Nxd5 26. Ne5 c5
27. dxc5 Rxc5 28. Qa4 Nf6 29. Rxd8 Qxd8 30. Qxa7 Bd5 31. b4 Qc7 32. Qxc7 Rxc7
33. a3 Rc3 34. Re3 Rc1+ 35. Kh2 Rc2 36. Rd3 Be6 37. Kg1 Rc1+ 38. Rd1 Rc3 39.
Ra1 Rb3 40. Nc6 Bd7 41. Nd4 Rd3 42. Nc2 Rb3 43. a4 Bf5 44. a5 bxa5 45. bxa5
Bxc2 46. a6 Rxf3 47. gxf3 Bb3 48. a7 Bd5 49. a8=Q Bxa8 50. Rxa8 Nd5 51. Kh2
1/2-1/2

[Event "SR 1. liga zapad 2012/2013"]
[Site "?"]
[Date "2013.01.13"]
[Round "6.4"]
[White "Turna, Stefan"]
[Black "Janos, Ivan"]
[Result "1-0"]
[WhiteElo "2208"]
[BlackElo "2145"]
[PlyCount "57"]
[EventDate "2012.??.??"]

1. d4 Nf6 2. c4 c5 3. d5 e6 4. Nc3 exd5 5. cxd5 g6 6. e4 a6 7. a4 d6 8. Be2 Bg7
9. Bg5 Nbd7 10. Nf3 Qe7 11. Nd2 O-O 12. f4 Re8 13. O-O Qf8 14. Qc2 Rb8 15. Rae1
h6 16. Bh4 Nh7 17. Bd3 Bd4+ 18. Kh1 g5 19. e5 gxh4 20. Bxh7+ Kh8 21. e6 Nf6 22.
Bf5 fxe6 23. dxe6 b5 24. axb5 axb5 25. Nf3 Bb7 26. Nxh4 Kg7 27. Bg6 Ng4 28. Bf7
Ne3 29. Rxe3 1-0

[Event "SR 1. liga zapad 2012/2013"]
[Site "?"]
[Date "2013.01.13"]
[Round "6.4"]
[White "Varholakova, Niki"]
[Black "Peitl, Tomas"]
[Result "1-0"]
[WhiteElo "2200"]
[BlackElo "2220"]
[PlyCount "41"]
[EventDate "2012.??.??"]

1. e4 e6 2. d4 d5 3. exd5 exd5 4. Nf3 Nc6 5. c3 Bg4 6. h3 Bh5 7. Bf4 Qe7+ 8.
Be3 O-O-O 9. Bb5 Qd6 10. Bxc6 bxc6 11. Nbd2 f5 12. Qa4 Bxf3 13. Nxf3 Kb7 14.
Ne5 Qe6 15. O-O Nf6 16. Rfe1 Nd7 17. Bg5 Rb8 18. Nc4 Qg6 19. Na5+ Kb6 20. Be7
a6 21. b4 1-0

[Event "SR 1. liga zapad 2012/2013"]
[Site "?"]
[Date "2013.01.13"]
[Round "6.4"]
[White "Zacik, Anton"]
[Black "Dolnak, Michal"]
[Result "1/2-1/2"]
[WhiteElo "1944"]
[BlackElo "2115"]
[PlyCount "36"]
[EventDate "2012.??.??"]

1. e4 e5 2. Nf3 Nc6 3. d4 exd4 4. c3 d3 5. Bxd3 Be7 6. O-O d6 7. h3 Ne5 8. Nxe5
dxe5 9. Bb5+ c6 10. Qxd8+ Bxd8 11. Bd3 Nf6 12. Be3 Nd7 13. Nd2 Bb6 14. Nc4 Bxe3
15. Nxe3 Nc5 16. Bc2 Be6 17. b4 Nd7 18. Bb3 Ke7 1/2-1/2

[Event "SR 1. liga zapad 2012/2013"]
[Site "?"]
[Date "2013.01.13"]
[Round "6.5"]
[White "Bagi, Mate"]
[Black "Gazik, Igor"]
[Result "1-0"]
[WhiteElo "2349"]
[BlackElo "2314"]
[PlyCount "149"]
[EventDate "2012.??.??"]

1. e4 Nf6 2. e5 Nd5 3. d4 d6 4. c4 Nb6 5. exd6 exd6 6. Nc3 Nc6 7. d5 Ne5 8. f4
Ng4 9. Nf3 g6 10. h3 Nf6 11. Bd3 Nfd7 12. O-O f5 13. Re1+ Be7 14. b4 Nf6 15.
Qe2 a5 16. bxa5 Rxa5 17. Bb2 Rf8 18. Qd2 Ra8 19. Re2 Bd7 20. Rae1 Ng8 21. a3
Qc8 22. Ng5 h6 23. Ne6 Rf7 24. Qe3 Bxe6 25. dxe6 Rg7 26. Nb5 Bf6 27. Bxf6 Nxf6
28. Qd4 Ke7 29. c5 Nbd5 30. cxd6+ cxd6 31. Rc2 Qd8 32. Rec1 Kf8 33. Kh2 Re7 34.
Bc4 Ra4 35. Qb2 Rxc4 36. Rxc4 Qb6 37. a4 Rxe6 38. Qd4 Qxd4 39. Rxd4 Re2 40. Nc3
Nxc3 41. Rxc3 Ne4 42. Rc7 Rb2 43. Rd5 b6 44. Rb7 Rb4 45. Rb5 Rxa4 46. R5xb6 Ra8
47. Rd7 Rc8 48. Rbb7 Re8 49. Rh7 Kg8 50. Rbg7+ Kf8 51. Rd7 Kg8 52. Rxh6 Nc5 53.
Rdh7 Re4 54. Rc7 Re6 55. Rhh7 Nd3 56. Rcg7+ Kf8 57. Ra7 Kg8 58. Rhc7 Rf6 59.
Kg3 Nc5 60. Kf3 Ne6 61. Re7 Nf8 62. Rg7+ Kh8 63. Raf7 Rxf7 64. Rxf7 Kg8 65. Re7
d5 66. Ke3 Nh7 67. Kd4 Nf6 68. Ke5 Nh5 69. g4 Ng3 70. Kxd5 Kf8 71. Ra7 fxg4 72.
hxg4 Nh1 73. Ra2 Ng3 74. Rg2 Nf1 75. Kd4 1-0

[Event "SR 1. liga zapad 2012/2013"]
[Site "?"]
[Date "2013.01.13"]
[Round "6.5"]
[White "Balogh, Peter"]
[Black "Gazikova, Veronika"]
[Result "0-1"]
[WhiteElo "2013"]
[BlackElo "2018"]
[PlyCount "72"]
[EventDate "2012.??.??"]

1. e4 Nf6 2. Nc3 e5 3. f4 d5 4. fxe5 Nxe4 5. Nf3 c5 6. Bb5+ Nc6 7. Qe2 Nxc3 8.
dxc3 Be7 9. Bf4 O-O 10. Qd2 a6 11. Be2 Be6 12. O-O b5 13. Rad1 Qc7 14. Qe1 Rfb8
15. Qg3 b4 16. Ng5 Bxg5 17. Qxg5 bxc3 18. bxc3 Rb2 19. Rf3 Ne7 20. h4 Rxa2 21.
h5 h6 22. Qg3 Nf5 23. Qf2 Rxc2 24. g4 Ne7 25. Rg3 Rb8 26. Qe3 Rb3 27. Bd3 Rcxc3
28. Qd2 d4 29. g5 hxg5 30. Bxg5 Qxe5 31. Bf4 Qxh5 32. Rb1 Rxb1+ 33. Bxb1 Rxg3+
34. Bxg3 Bd5 35. Bh2 Qg4+ 36. Kf1 Qf3+ 0-1

[Event "SR 1. liga zapad 2012/2013"]
[Site "?"]
[Date "2013.01.13"]
[Round "6.5"]
[White "Baranek, Jozef"]
[Black "Lakatos, Vladimir"]
[Result "1/2-1/2"]
[WhiteElo "2131"]
[BlackElo "2155"]
[PlyCount "50"]
[EventDate "2012.??.??"]

1. g3 c5 2. Bg2 Nc6 3. e4 e6 4. Ne2 a6 5. O-O Nf6 6. c3 d5 7. exd5 Nxd5 8. d4
cxd4 9. Nxd4 Bc5 10. Nxc6 bxc6 11. Qa4 Bd7 12. c4 Ne7 13. Nc3 O-O 14. Rd1 e5
15. Qc2 Qc7 16. b3 Bf5 17. Qe2 Rad8 18. Bb2 Ng6 19. Ne4 Bd4 20. Bxd4 exd4 21.
Qh5 Qc8 22. Ng5 h6 23. Nf3 c5 24. h3 Rfe8 25. Re1 Kf8 1/2-1/2

[Event "SR 1. liga zapad 2012/2013"]
[Site "?"]
[Date "2013.01.13"]
[Round "6.5"]
[White "Dobrotka, Martin"]
[Black "Kukel, Imre 1985"]
[Result "1/2-1/2"]
[WhiteElo "2235"]
[BlackElo "2260"]
[PlyCount "92"]
[EventDate "2012.??.??"]

1. d4 Nf6 2. Nf3 g6 3. c4 Bg7 4. Nc3 d5 5. e3 O-O 6. cxd5 Nxd5 7. Be2 c5 8. O-O
Nc6 9. dxc5 Nxc3 10. bxc3 Bxc3 11. Qxd8 Rxd8 12. Rb1 Bb4 13. Nd4 Bxc5 14. Nxc6
bxc6 15. Rb3 Be6 16. Rc3 Bb4 17. Rxc6 Bxa2 18. Ra6 Be6 19. Ba3 Bxa3 20. Rxa3 a5
21. h4 Rdc8 22. Rb1 Rc2 23. Bf3 Ra7 24. h5 Kg7 25. hxg6 hxg6 26. Rba1 Rc5 27.
Kf1 Kf6 28. Ke1 Ke5 29. Kd2 f5 30. Be2 Bd5 31. f4+ Kf6 32. g4 Be4 33. g5+ Kf7
34. Ra4 e6 35. Rc4 Rxc4 36. Bxc4 Rc7 37. Bb5 Ra7 38. Kc3 Ke7 39. Kd4 Ra8 40.
Kc5 Rc8+ 41. Kd4 Rd8+ 42. Kc5 Rd5+ 43. Kb6 Kd6 44. Rxa5 Rc5 45. Ra3 Rc8 46. Ka5
Rb8 1/2-1/2

[Event "SR 1. liga zapad 2012/2013"]
[Site "?"]
[Date "2013.01.13"]
[Round "6.5"]
[White "Hanko, Pavol"]
[Black "Bottyan, Peter"]
[Result "1/2-1/2"]
[WhiteElo "2157"]
[BlackElo "2262"]
[PlyCount "85"]
[EventDate "2012.??.??"]

1. d4 g6 2. Nf3 Bg7 3. c4 c6 4. e4 d6 5. Nc3 Nd7 6. Be2 e5 7. O-O Ne7 8. Be3
O-O 9. Qd2 Re8 10. dxe5 dxe5 11. Rad1 Qc7 12. Qd6 Qxd6 13. Rxd6 Nf8 14. Rfd1
Bg4 15. Nd2 Nc8 16. Rd3 Be6 17. b3 f5 18. Nf1 Nb6 19. Bc5 Nfd7 20. Bd6 Bf8 21.
Ne3 Nc5 22. Bxc5 Bxc5 23. exf5 gxf5 24. Bh5 Rf8 25. g4 e4 26. R3d2 f4 27. Ng2
e3 28. fxe3 fxe3 29. Re2 Rad8 30. Nxe3 Bd4 31. Rc1 Rf3 32. Ncd1 Nd7 33. Kg2 Rf4
34. Rf2 Bxe3 35. Nxe3 Rxf2+ 36. Kxf2 Ne5 37. Ke2 Rd4 38. h3 Nd3 39. Rh1 Nf4+
40. Kf3 Nxh5 41. gxh5 Rh4 42. Kg3 Rxh5 43. Ng4 1/2-1/2

[Event "SR 1. liga zapad 2012/2013"]
[Site "?"]
[Date "2013.01.13"]
[Round "6.5"]
[White "Janko, Zoltan"]
[Black "Kaniansky, Miroslav"]
[Result "1-0"]
[WhiteElo "2283"]
[BlackElo "2209"]
[PlyCount "33"]
[EventDate "2012.??.??"]

1. e4 e5 2. Nf3 Nc6 3. d4 exd4 4. Nxd4 Bc5 5. Be3 Qf6 6. c3 Nge7 7. Bc4 Ne5 8.
Be2 d6 9. O-O Qg6 10. f4 Qxe4 11. Bf2 Bxd4 12. cxd4 N5c6 13. Nc3 Qxf4 14. d5
Ne5 15. Nb5 Kd8 16. Nxc7 Ng4 17. Ne6+ 1-0